Catholic orientalism : (Record no. 92299)
[ view plain ]
| 000 -LEADER | |
|---|---|
| fixed length control field | 00917nam a22002417a 4500 |
| 005 - DATE AND TIME OF LATEST TRANSACTION | |
| control field | 20150429112128.0 |
| 010 ## - LCCN (DPL NO) | |
| LC control number | ENG-112404 |
| 020 ## - INTERNATIONAL STANDARD BOOK NUMBER | |
| International Standard Book Number | 9780199452675 |
| Terms of availability | 1095.00 |
| 020 ## - INTERNATIONAL STANDARD BOOK NUMBER | |
| International Standard Book Number | 0199452679 |
| Terms of availability | 1095.00 |
| 035 ## - SYSTEM CONTROL NUMBER | |
| System control number | EN-95936 |
| 037 ## - SOURCE OF ACQUISITION | |
| Source of stock number/acquisition | DBAD/PUB |
| 082 ## - DEWEY DECIMAL CLASSIFICATION NUMBER | |
| Classification number | 303.482469054 |
| 100 ## - MAIN ENTRY--PERSONAL NAME | |
| Personal name | Xavier, Angela Barreto |
| 245 ## - TITLE STATEMENT | |
| Title | Catholic orientalism : |
| Statement of responsibility, etc | by Angela Barreto Xavier [and] Ines G.Zupanov |
| Remainder of title | Portuguese Empire, Indian Knowledge (16th-18th centuries) / |
| 260 ## - PUBLICATION, DISTRIBUTION, ETC. (IMPRINT) | |
| Place of publication, distribution, etc | New Delhi |
| Name of publisher, distributor, etc | Oxford University Press |
| Date of publication, distribution, etc | 2015 |
| 270 ## - ADDRESS | |
| Address | YMCA Library Building, 1 Jai Singh Road, |
| City | New Delhi |
| Postal code | 110001 |
| 300 ## - PHYSICAL DESCRIPTION | |
| Extent | xxxvi,386p. : |
| Dimensions | 23cm(Hb) |
| Other physical details | ill.,maps |
| 500 ## - GENERAL NOTE | |
| General note | Includes bibliographical references (pages 341-376) and index. |
| 610 ## - SUBJECT ADDED ENTRY--CORPORATE NAME | |
| Corporate name or jurisdiction name as entry element | Catholic Church |
| Geographic subdivision | South Asia |
| General subdivision | History. |
| 650 ## - SUBJECT ADDED ENTRY--TOPICAL TERM | |
| Topical term or geographic name as entry element | Orientalism |
| General subdivision | History. |
| 700 ## - ADDED ENTRY--PERSONAL NAME | |
| Personal name | Zupanov, Ines G. |
| 942 ## - ADDED ENTRY ELEMENTS (KOHA) | |
| Source of classification or shelving scheme | Dewey Decimal Classification |
| Item type | English Books |
| Call number suffix | XAV |
| Classification part | 303.482469054 |
| Withdrawn status | Lost status | Not for loan | Collection code | Home library | Current library | Date acquired | Source of acquisition | Cost, normal purchase price | Full call number | Barcode | Copy number | Cost, replacement price | Koha item type |
|---|---|---|---|---|---|---|---|---|---|---|---|---|---|
| Not For Loan | Non-fiction | D.B.Act.Division | D.B.Act.Division | 18/03/2015 | DBAD/PUB | 1095.00 | 303.482469054 XAV | EN-95936 | 1 | 1095.00 | English Books |
